000 01242nam0a22002531 4500
001 rc\473455
005 20250621100230.0
035 _a(NLR Aleph) 005716839
090 _a7436548
_c7436548
100 _a20030616d1987 |||y0rusy50 ca
101 0 _arus
102 _aRU
105 _ay |||||||||
200 1 _aКОМПЛЕКСНОЕ обследование предприятий, имеющих источники загрязнения атмосферного воздуха
_eВрем. метод. указания
_fГос. ком. СССР по гидрометеорологии и контролю природ. среды. Гос. инспекция по охране атмосфер. воздуха, Зап.-Сиб. регион. НИИ (ЗапСибНИИ)
_g[Отв. исполн. Олисеевец Е.Л., к. х. н.]
210 _aНовосибирск
_cЗапСибРВЦ
_d1987
215 _a43 с.
_d22
320 _aБиблиогр.: с. 30-39
702 1 _aОлисеевец
_bЕ.Л.
_4570
712 0 1 _aСССР
_bГос. инспекция по охране атмосферного воздуха
801 0 _aRU
_bNLR
_gpsbo
801 1 _aRU
_bELAR
_2rusmarc
852 _aNLR
_j87-6/4995
942 _cBOOK
980 _aNB